Loading...
Anantar/
| Main Author: | |
|---|---|
| Format: | Printed Book |
| Published: |
New Delhi:
Poorvodaya,
1995.
|
| Subjects: |
| LEADER | 00505nam a22001691a 4500 | ||
|---|---|---|---|
| 999 | |c 2055 |d 2055 | ||
| 020 | |a 81-7037-0327 | ||
| 082 | |a H3 |b JAI/A | ||
| 100 | |a Jainendra Kumar | ||
| 245 | |a Anantar/ |c by Jainendra Kumar. | ||
| 260 | |a New Delhi: |b Poorvodaya, |c 1995. | ||
| 300 | |a 124p. | ||
| 650 | |a Novel Hindi | ||
| 650 | |a Literature Hindi | ||
| 650 | |a Literature | ||
| 942 | |c BK | ||
| 952 | |0 0 |1 0 |4 0 |6 H_3_000000000000000_JAI_A |7 0 |9 3192 |a SSUS |b SSUS |d 2015-01-08 |g 95.00 |o H3 JAI/A |p 044951 |r 2015-01-08 |v 0.00 |w 2015-01-08 |y BK | ||